| 000 | 00476nam a22001697a 4500 | ||
|---|---|---|---|
| 005 | 20180904121815.0 | ||
| 008 | 160531b xxu||||| |||| 00| 0 eng d | ||
| 020 | _a81-203-1229-5 | ||
| 041 | _aeng | ||
| 082 |
_b6393 _a658.4013 |
||
| 100 |
_aMaciariello, Joseph A & Kerby, Calvin J _94857 |
||
| 245 | _aManagement Control Systems;using adaptive systems to attain control | ||
| 260 |
_aNew Delhi _bPHI, _c2000 |
||
| 300 | _a654p, | ||
| 650 |
_aManagement _9241 |
||
| 942 | _cBK | ||
| 999 |
_c2247 _d2246 |
||